Countries with embassies and consulates in Azerbaijan - Statistics

General Stats
  • This quiz has been taken 62 times
  • The average score is 51 of 65
Answer Stats
Continent Country % Correct
Asia/ Europe Russia
94%
North America United States of America
94%
South America Brazil
92%
Europe Georgia
92%
Asia/ Europe Turkey
92%
Europe United Kingdom
92%
South America Argentina
90%
Asia China
90%
Asia Iran
90%
Europe Spain
90%
Asia Israel
88%
Asia Japan
88%
Asia Pakistan
88%
Asia India
86%
Asia Saudi Arabia
86%
Asia Turkmenistan
86%
Europe Ukraine
86%
Europe Germany
84%
Europe Greece
84%
Asia Iraq
84%
Asia Afghanistan
82%
Africa Algeria
82%
Africa Egypt
82%
Europe France
82%
Europe Italy
82%
Asia Kazakhstan
82%
Asia South Korea
82%
Europe Sweden
82%
Asia Uzbekistan
82%
South America Colombia
80%
Europe Lithuania
80%
North America Mexico
80%
Europe Portugal
80%
Europe Romania
80%
Asia United Arab Emirates
80%
Europe Austria
78%
Europe Belarus
78%
Europe Bulgaria
78%
Asia Kyrgyzstan
78%
Europe Poland
78%
Europe Tajikistan
78%
Europe Belgium
76%
Europe Estonia
76%
Europe Latvia
76%
Europe Moldova
76%
Europe Switzerland
76%
Europe Czech Republic
73%
Europe Hungary
73%
Europe Norway
73%
Asia Qatar
73%
South America Venezuela
73%
Europe Croatia
71%
Asia Indonesia
71%
Africa Morocco
71%
Europe the Netherlands
71%
North America Cuba
69%
Africa Libya
69%
South America Peru
69%
Europe Serbia
69%
Asia Jordan
67%
Asia Kuwait
67%
Asia Malaysia
61%
North America Costa Rica
51%
Africa Sudan
51%
Asia Palestine
43%
No matching quizzes found
Score Distribution
Percent of People with Each Score
Percentile by Number Answered
Your Score History
You have not taken this quiz